000 01272nam a2200349 a 4500
001 000112493
003 CHAP
005 20220329144308.0
008 160422s2016 mx sm |||||||spa d
010 _a108954
011 _a109926
040 _cCHAP
090 _aTesis
100 1 _aArévalo Madrigal, Vianca Azucena
_97316
245 1 0 _aCarbono y nitrógeno en el suelo en sistemas agroforestales cafetaleros y sistema natural
_h[En línea]
_cVianca Azucena Arévalo Madrigal.
260 _aChapingo, Méx. :
_bEl autor,
_c2016.
500 _aPara ver el contenido del material haga clic en la liga
502 _aTesis (M. C. en Agroforestería para el Desarrollo Sostenible) -- UACH. Departamento de Suelos
590 _aBATCH
_b00
_c20181121
_lUCH01
_h0758
590 _aE11695DGD
_b10
_c20160427
_lUCH01
_h1154
590 _aE5765TAJ
_b05
_c20160422
_lUCH01
_h0842
650 1 4 _aCarbono
_xEfecto en plantas.
_918831
650 1 4 _aNitrógeno
_xEfecto en suelos.
_981463
650 1 4 _aSistemas agroforestales.
_9106735
650 1 4 _aSuelos cafetaleros.
_9110538
650 1 4 _aSuelos
_xCarbono.
_9110232
856 _a1
_n0000504
856 _aFinding aid
_uhttp://10.13.5.2/tesis/sist112493.pdf
_zTeclea aquí
901 _aBK
942 _cTESIS
942 _n0
999 _c108954
_d108954